书目信息 |
| 题名: |
美容化妆品热销有绝招
|
|
| 作者: | 龚震波 , 王颂舒 著 | |
| 分册: | ||
| 出版信息: | 北京 中国经济出版社 2009.05 |
|
| 页数: | 282页 | |
| 开本: | 24cm | |
| 丛书名: | 中国经济标杆培训丛书 | |
| 单 册: | ||
| 中图分类: | F767.9 | |
| 科图分类: | ||
| 主题词: | 化妆品--销售--方法 , 化妆品 , 销售 | |
| 电子资源: | ||
| ISBN: | 978-7-5017-9098-2 | |
| 000 | 01109oam2 2200301 450 | |
| 001 | 010700071183 | |
| 005 | 20091221091049.94 | |
| 010 | @a978-7-5017-9098-2@dCNY38.80 | |
| 100 | @a20090603d2009 em y0chiy0110 ea | |
| 101 | 0 | @achi |
| 102 | @aCN@b110000 | |
| 105 | @ay z 000yy | |
| 106 | @ar | |
| 200 | 1 | @a美容化妆品热销有绝招@9mei rong hua zhuang pin re xiao you jue zhao@e销售实战情景训练@f龚震波,王颂舒著 |
| 210 | @a北京@c中国经济出版社@d2009.05 | |
| 215 | @a282页@d24cm | |
| 225 | 2 | @a中国经济标杆培训丛书 |
| 330 | @a本书共分八部分,内容包括:迎宾开场实战情景训练;挖掘消费需求实战情景训练;销售陈述实战情景训练;引导体验实战情景训练;应对销售拒绝实战情景训练;处理销售异议实战情景训练等。 | |
| 461 | 0 | @12001 @a中国经济标杆培训丛书@1701 0@a肖晓春@4主编 |
| 517 | 1 | @a美容化妆品热销有绝招@9mei rong hua zhuang pin re xiao you jue zhao |
| 606 | 0 | @a化妆品@x销售@x方法 |
| 606 | 0 | @a化妆品 |
| 606 | 0 | @a销售 |
| 690 | @aF767.9@v4 | |
| 701 | 0 | @a龚震波@9gong zhen bo@4著 |
| 701 | 0 | @a王颂舒@9wang song shu@4著 |
| 801 | 0 | @aCN@bRENTIAN@c20091221 |
| 905 | @b20797976-81@dF767.9@e30@f6 | |
| 美容化妆品热销有绝招:销售实战情景训练/龚震波,王颂舒著.-北京:中国经济出版社,2009.05 |
| 282页;24cm.-(中国经济标杆培训丛书) |
| ISBN 978-7-5017-9098-2:CNY38.80 |
| 本书共分八部分,内容包括:迎宾开场实战情景训练;挖掘消费需求实战情景训练;销售陈述实战情景训练;引导体验实战情景训练;应对销售拒绝实战情景训练;处理销售异议实战情景训练等。 |
| ● |
| 相关链接 |
|
|
|
|
正题名:美容化妆品热销有绝招
索取号:F767.9/30
 
预约/预借
| 序号 | 登录号 | 条形码 | 馆藏地/架位号 | 状态 | 备注 |
| 1 | 797976 | 207979767 | 第一样本阅览室/ [索取号:F767.9/30] | 在馆 | |
| 2 | 797977 | 207979776 | 第一借阅区/ [索取号:F767.9/30] | 在馆 | |
| 3 | 797978 | 207979785 | 第一借阅区/ [索取号:F767.9/30] | 在馆 | |
| 4 | 797979 | 207979794 | 第一借阅区/ [索取号:F767.9/30] | 在馆 | |
| 5 | 797980 | 207979801 | 第一借阅区/ [索取号:F767.9/30] | 在馆 | |
| 6 | 797981 | 207979810 | 第一借阅区/ [索取号:F767.9/30] | 在馆 |